Prontuario de los anticoagulantes (Record no. 75170)

MARC details
000 -LEADER
campo de control de longitud fija 00722nam a2200193 i 4500
001 - NÚMERO DE CONTROL
campo de control 75170
003 - IDENTIFICADOR DE NÚMERO DE CONTROL
campo de control ES-MaACL
005 - FECHA Y HORA DE LA ÚLTIMA TRANSACCIÓN
campo de control 20230906172347.0
007 - CAMPO FIJO DE DESCRIPCIÓN FÍSICA--INFORMACIÓN GENERAL
campo de control de longitud fija t|
008 - DATOS DE LONGITUD FIJA--INFORMACIÓN GENERAL
campo de control de longitud fija 040922s1958 sp ||||1| spa d
100 1# - ENTRADA PRINCIPAL--NOMBRE DE PERSONA
Nombre de persona Goossens, Nico.
9 (RLIN) 59126
245 10 - MENCIÓN DEL TÍTULO
Título Prontuario de los anticoagulantes
Resto del título : coagulación de la sangre y terapeútica clínica con los anticoagulantes /
Mención de responsabilidad, etc. Nico Goossens y Helmuth Gastpar ; [traducción de Vives Mañé y Blancafort].
260 ## - PUBLICACIÓN, DISTRIBUCIÓN, ETC.
Lugar de publicación, distribución, etc. Barcelona :
Nombre del editor, distribuidor, etc. Noguer,
Fecha de publicación, distribución, etc. [1958] (
Fabricante S.A.D.A.G.)
300 ## - DESCRIPCIÓN FÍSICA
Extensión 68 p., 1 lám. :
Otras características físicas il. ;
Dimensiones 21 cm.
700 1# - ENTRADA AGREGADA--NOMBRE PERSONAL
Nombre de persona Gastpar, Helmuth.
9 (RLIN) 55950
700 1# - ENTRADA AGREGADA--NOMBRE PERSONAL
Nombre de persona Vives Mañe, J.
9 (RLIN) 115590
700 1# - ENTRADA AGREGADA--NOMBRE PERSONAL
Nombre de persona Blancafort, Manuel.
9 (RLIN) 29122
852 ## - LOCALIZACIÓN
Ubicación ES-MaACL
Número de control de estantería 1561-F-14
Sublocalización o colección R.42550
Holdings
Estatus retirado Estado de pérdida Estado de daño No para préstamo Colección Biblioteca de origen Biblioteca actual Ubicación en estantería Fecha de adquisición Fuente de adquisición Total de préstamos Signatura topográfica completa Código de barras Visto por última vez Precio de reemplazo Tipo de ítem Koha
        Colección de folletos Biblioteca del Ateneo de Madrid Biblioteca del Ateneo de Madrid Depósito folletos 17/01/2008     1561-F-14 1078677 23/02/2023 23/02/2023 Folleto